000 00670nam a2200241 a 4500
001 56614
003 BD-RjUL
005 20211209080421.0
008 161203s1966 nyu b 001 0|eng|d
035 _a(BD-RjUL)56738
040 _aDLC
_cDLC
_dBD-RjUL
_beng
041 _aeng
082 _223
_a192
_bRUP 1966
100 1 _a Russell, Bertrand
_9168403
245 1 0 _aPhilosophical essays /
_cBertrand Russell
250 _arev. ed.
260 _aNew York :
_bSimon and Schuster,
_c1966
300 _axvi, 159 p. ;
_c25 cm.
500 _aIncludes index.
504 _aIncludes bibliographies.
650 0 _aPhilosophy
_vEarly works to 1800.
_9168404
942 _2ddc
_cBK
999 _c56614
_d56614